header

Gender and the Mexican Revolution (Record no. 163565)

MARC details
000 -LEADER
fixed length control field 01759nam a2200373Ia 4500
082 04 - DEWEY DECIMAL CLASSIFICATION NUMBER
Classification number 305.48/8687207265
100 1# - MAIN ENTRY--AUTHOR NAME
Personal name Smith, Stephanie J.
245 10 - TITLE STATEMENT
Title Gender and the Mexican Revolution
250 ## - EDITION STATEMENT
Edition statement 1st ed.
260 ## - PUBLICATION, DISTRIBUTION, ETC. (IMPRINT)
Place of publication Chapel Hill :
Name of publisher University of North Carolina Press,
Year of publication c2009.
300 ## - PHYSICAL DESCRIPTION
Number of Pages 257 p. :
Other physical details map.
650 #0 - SUBJECT ADDED ENTRY--TOPICAL TERM
Topical Term Women revolutionaries
Topical Term Women political activists
Topical Term Political participation
Topical Term Women's rights
856 40 - ELECTRONIC LOCATION AND ACCESS
Uniform Resource Identifier http://site.ebrary.com/lib/rucke/Doc?id=10343531

No items available.

© 2026 Rongo University
Contact us: librarian | system librarian | Rongo university